[Event "Kobanya op"]
[Site "Kobanya"]
[Date "1991.??.??"]
[Round "8"]
[White "Kozlov, Vladimir N"]
[Black "Pacl, Vaclav"]
[Result "0-1"]
[WhiteElo "2360"]
[BlackElo "2230"]

1.d4 d5 2.c4 c6 3.Nf3 Nf6 4.Nc3 dxc4 5.a4 Bf5 6.e3 e6 7.Bxc4 Bb4 8.O-O Nbd7
9.Nh4 Bg4 10.f3 Bh5 11.g3 O-O 12.Ng2 e5 13.g4 Bg6 14.g5 Ne8 15.f4 exf4 16.exf4 Nb6
17.Bb3 Nd6 18.a5 Nbc8 19.a6 b5 20.Qf3 Ne7 21.Be3 Rc8 22.Rfd1 Bxc3 23.bxc3 Be4
24.Qh3 Nd5 25.Bd2 Bf5 26.Qf3 Be4 27.Qg3 Qd7 28.Re1 Rfe8 29.Re2 Re7 30.Rae1 Rce8
31.Bc1 Bxg2 32.Qxg2 Rxe2 33.Rxe2 Rxe2 34.Qxe2 Nxc3 35.Qf3 Nce4 36.Kg2 Qc8
37.h4 Qxa6 38.h5 Qa1 39.Qe3 Qc3 40.Qxc3 Nxc3 41.Ba3 Nc8 42.Bb4 Ne2 43.Bc5 Nxf4+
44.Kf3 Nxh5 45.Bc2 Nb6 46.Be4 Nd5 47.Bxa7 Nhf4 48.Bf5 Ne6 49.Ke4 Kf8 50.Ke5 Ke7
51.Bxe6 fxe6 52.Bc5+ Kd7 53.Bf8 b4 54.Ke4 g6 55.Kd3 Nf4+ 56.Kc4 Nh3 57.Bh6 e5
58.dxe5 Ke6 59.Kxb4 Kxe5 60.Kc5 Kf5 61.Kxc6 Nxg5 62.Kd5 Nf7 63.Bd2 h5 64.Kd4 Kg4
65.Ke3 Kg3 66.Be1+ Kg2  0-1

[Event "ESP-ch"]
[Site "Lleida"]
[Date "1991.??.??"]
[Round "1"]
[White "Rodriguez Vargas, Orestes"]
[Black "Iruzubieta, Jesus Maria"]
[Result "1-0"]
[WhiteElo "2460"]
[BlackElo "2265"]

1.d4 d5 2.Nf3 Nf6 3.c4 c6 4.Nc3 dxc4 5.a4 Bf5 6.e3 e6 7.a5 Nbd7 8.Bxc4 b5
9.Bb3 Bb4 10.a6 Ne4 11.Bd2 Nxd2 12.Nxd2 O-O 13.O-O c5 14.e4 Bg6 15.Nxb5 cxd4
16.Ra4 Bxd2 17.Rxd4 Qa5 18.Qxd2 Qxb5 19.Ba4 Qxa6 20.Bxd7 Rab8 21.b4 e5 22.b5 Qa3
23.Rd3 Qe7 24.Bc6 Rfd8 25.Rd1 Rxd3 26.Qxd3 f6 27.h3 Be8 28.Qc4+ Kf8 29.Ra1 Rc8
30.Ra6 Rc7 31.Qd5 Qf7 32.Qd8 Re7 33.Qd6 Qc4 34.Qa3 Bxc6 35.Rxa7 Qe6 36.bxc6 Kf7
37.Rxe7+ Qxe7 38.Qb3+ Ke8 39.Qb8+ Kf7 40.Qb7  1-0

[Event "Lombardia op"]
[Site "Lombardia"]
[Date "1991.??.??"]
[Round "?"]
[White "Contini, Luca"]
[Black "Ratti, Ruggero"]
[Result "0-1"]
[WhiteElo "2330"]
[BlackElo "2325"]

1.d4 d5 2.c4 c6 3.Nf3 Nf6 4.Nc3 dxc4 5.a4 Bf5 6.Ne5 c5 7.e4 Nxe4 8.Qf3 e6
9.Nxf7 Kxf7 10.Nxe4 Qd5 11.Ng5+ Kg8 12.Qxd5 exd5 13.g4 Bd7 14.Bg2 Bc6 15.Be3 cxd4
16.Bxd4 Nd7 17.O-O h5 18.gxh5 Rxh5 19.f4 Nc5 20.Kh1 Re8 21.Bxc5 Bxc5 22.Rae1 Be3
23.Rd1 d4 24.Rfe1 Kf8 25.Bxc6 bxc6 26.Kg2 Rh4 27.Kg3 Rh6 28.h4 Rb8 29.Re2 Kg8
30.Rc2 Rf6 31.Rxc4 Bxf4+ 32.Kg4 Rb3 33.Ne4 Rf8 34.Rcxd4 Rxb2 35.Rf1 Rg2+
36.Kh3 Rh2+ 37.Kg4 Rg2+ 38.Kh3 Rh2+ 39.Kg4 Be5 40.Rxf8+ Kxf8 41.Rc4 Ra2 42.Kf5 Bh2
43.Ke6 Kg8 44.Rxc6 Re2 45.Kf5 Kf8 46.Re6 Ra2 47.Ra6 Bg1 48.Ng5 Bb6 49.Ne6+ Kg8
50.Nf4 Rd2 51.a5 Ra2 52.Nd5 Rxa5 53.Rxa5 Bxa5 54.Kg6 Bd8 55.Nc3 Bxh4 56.Nd5 a5
57.Kh5 Bf6 58.Nb6 Kf7 59.Kg4 Ke6  0-1

[Event "London WFW"]
[Site "London"]
[Date "1991.??.??"]
[Round "?"]
[White "Arkell, Keith C"]
[Black "Hector, Jonny"]
[Result "1-0"]
[WhiteElo "2450"]
[BlackElo "2465"]

1.d4 d5 2.c4 c6 3.Nf3 Nf6 4.Nc3 dxc4 5.a4 Bf5 6.Nh4 Bc8 7.e3 e5 8.Bxc4 exd4
9.exd4 Bd6 10.O-O O-O 11.h3 Nbd7 12.a5 Bb4 13.Qa4 Bxc3 14.bxc3 b5 15.axb6 Nxb6
16.Qb3 Ne4 17.Nf3 Nxc4 18.Qxc4 Be6 19.Qd3 Nd6 20.Ne5 Bd5 21.c4 Be4 22.Qe2 f6
23.c5 Bd5 24.cxd6 Re8 25.Ba3 fxe5 26.dxe5 Re6 27.f4 Rg6 28.Rf2 Qb6 29.Kh2 Qb3
30.f5 Qg3+ 31.Kg1 Rh6 32.Bc1 Qc3 33.Bb2 Qc5 34.Rc1 Qb4 35.d7 Rh4 36.Qd2 Qe4
37.Re1 Qc4 38.e6 Re4 39.Rxe4 Qxe4 40.Qc3  1-0

[Event "London WFW"]
[Site "London"]
[Date "1991.??.??"]
[Round "?"]
[White "Wells, Peter K"]
[Black "Hector, Jonny"]
[Result "0-1"]
[WhiteElo "2460"]
[BlackElo "2465"]

1.d4 d5 2.c4 c6 3.Nf3 Nf6 4.Nc3 dxc4 5.a4 Bf5 6.Ne5 e6 7.f3 Bb4 8.e4 Bxe4
9.fxe4 Nxe4 10.Bd2 Qxd4 11.Nxe4 Qxe4+ 12.Qe2 Bxd2+ 13.Kxd2 Qd5+ 14.Kc2 Na6
15.Nxc4 O-O-O 16.Qe5 f6 17.Qe3 Kb8 18.Rg1 Qf5+ 19.Kb3 Nc5+ 20.Kb4 Rd5 21.g4 Qc2
22.Qg3+ e5 23.Rg2 Nd3+ 24.Bxd3 c5+ 25.Ka5 Qb3 26.Qe1 Rd6  0-1

[Event "Lyngby op"]
[Site "Lyngby"]
[Date "1991.??.??"]
[Round "2"]
[White "Malaniuk, Vladimir P"]
[Black "Trichkov, Vasil"]
[Result "1-0"]
[WhiteElo "2510"]
[BlackElo "2310"]

1.d4 d5 2.c4 c6 3.Nf3 Nf6 4.Nc3 dxc4 5.a4 Bf5 6.Ne5 Nbd7 7.Nxc4 Qc7 8.g3 e5
9.dxe5 Nxe5 10.Bf4 Rd8 11.Qc1 Bd6 12.Nxd6+ Qxd6 13.Bg2 Qe7 14.O-O a5 15.h3 h6
16.g4 Bh7 17.Rd1 Rxd1+ 18.Qxd1 O-O 19.Qd4 Re8 20.e4 Nfd7 21.Rd1 Qb4 22.Bg3 Qxd4
23.Rxd4 Nf8 24.Bxe5 Rxe5 25.f4 Re8 26.f5 f6 27.Kf2 Kf7 28.b4 axb4 29.Rxb4 Re7
30.e5 fxe5 31.Ne4 g6 32.Nd6+ Kf6 33.Ne4+ Kf7 34.Nd6+ Kf6 35.fxg6 Nxg6 36.Rxb7 Ke6
37.Rxe7+ Nxe7 38.Ne4 Nd5 39.a5 Kd7 40.h4 Nf4 41.Nf6+  1-0

[Event "Lyngby op"]
[Site "Lyngby"]
[Date "1991.??.??"]
[Round "7"]
[White "Olsen, Nils Linde"]
[Black "Nolsoe, Rani"]
[Result "1/2-1/2"]
[WhiteElo "2290"]
[BlackElo "2210"]

1.d4 d5 2.Nf3 Nf6 3.c4 c6 4.Nc3 dxc4 5.a4 Bf5 6.Ne5 e6 7.Bg5 Be7 8.e3 Nbd7
9.Nxc4 O-O 10.Be2 Nd5 11.Bxe7 Qxe7 12.O-O Bg6 13.Rc1 Nxc3 14.Rxc3 c5 15.Bf3 cxd4
16.Qxd4 Nc5 17.Ne5 Rac8 18.Nc6 bxc6 19.Rxc5 Rfd8 20.Qc3 Rd3 21.Qc1 Rb3 22.Rxc6 Rxc6
23.Qxc6 h6 24.Rd1 Rxb2 25.g3 Qf6 26.Rd4 Rc2 27.Qa8+ Kh7 28.h4 Bf5 29.Kg2 g5
30.hxg5 hxg5 31.Qf8 Bh3+ 32.Kxh3 Qxf3 33.Rd8 g4+ 34.Kh4 Qf6+ 35.Kxg4 Qg6+
36.Kh4 Qf6+ 37.Kg4  1/2-1/2

[Event "Lyngby op"]
[Site "Lyngby"]
[Date "1991.??.??"]
[Round "7"]
[White "Kjeldsen, Jens"]
[Black "Beulen, Marcel"]
[Result "1/2-1/2"]
[WhiteElo "2295"]
[BlackElo "2240"]

1.d4 d5 2.c4 c6 3.Nf3 Nf6 4.Nc3 dxc4 5.a4 Bf5 6.Ne5 e6 7.g3 Bb4 8.Bg2 Ne4
9.O-O Nxc3 10.bxc3 Bxc3 11.Ba3 a5 12.Nxc4 Bb4 13.Bxb4 axb4 14.Qb3 Na6 15.e4 Bg6
16.Rfd1 O-O 17.a5 Qf6 18.Nb6 Rad8 19.d5 exd5 20.exd5 Qc3 21.Qc4 Qxc4 22.Nxc4 cxd5
23.Bxd5 Nc5 24.Ne3 b3 25.Rac1 Rc8 26.Rd2 h5 27.Rb2 Rfd8 28.h3 Kf8 29.g4 hxg4
30.hxg4 Bc2 31.Rbxc2 bxc2 32.Rxc2 Rc7 33.Bxb7 Rxb7 34.Rxc5 Ra8 35.Kg2 Rb4  1/2-1/2

[Event "Lyngby op"]
[Site "Lyngby"]
[Date "1991.??.??"]
[Round "9"]
[White "Arkell, Keith C"]
[Black "Trichkov, Vasil"]
[Result "1-0"]
[WhiteElo "2455"]
[BlackElo "2310"]

1.d4 d5 2.c4 c6 3.Nf3 Nf6 4.Nc3 dxc4 5.a4 Bf5 6.Nh4 Bg4 7.h3 Bh5 8.g4 Bg6
9.Nxg6 hxg6 10.e3 Qd7 11.Qf3 Na6 12.Bxc4 Nb4 13.Kf1 e6 14.a5 Be7 15.h4 Nfd5
16.g5 Nc7 17.Ne4 Nc2 18.Ra2 Nd5 19.b3 Ndb4 20.Ra4 Rd8 21.h5 gxh5 22.Rxh5 Rxh5
23.Qxh5 b5 24.axb6 axb6 25.Bd2 Nd5 26.Bd3 b5 27.Ra5 Ncb4 28.Be2 Qc7 29.Ra1 Bf8
30.Qh8 Kd7 31.Qg8 Ke8 32.g6 Qe7 33.Bxb4 Nxb4 34.gxf7+ Qxf7 35.Nd6+  1-0

[Event "Mondorf op"]
[Site "Mondorf"]
[Date "1991.??.??"]
[Round "6"]
[White "Agababian, Naira"]
[Black "Beulen, Marcel"]
[Result "1-0"]
[WhiteElo "2080"]
[BlackElo "2240"]

1.d4 d5 2.Nf3 Nf6 3.c4 c6 4.Nc3 dxc4 5.a4 Bf5 6.e3 e6 7.Bxc4 Bb4 8.O-O O-O
9.Qe2 Nbd7 10.e4 Bg6 11.e5 Nd5 12.Ne4 Be7 13.Rd1 Rc8 14.Neg5 h6 15.Nh3 Re8
16.a5 Nf8 17.Nf4 Bh7 18.h3 a6 19.Nh2 c5 20.Nh5 Bg6 21.Bd3 c4 22.Bxg6 fxg6
23.Nf4 Nb4 24.Qe4 g5 25.Ng6 Qd5 26.Qxd5 Nxd5 27.Nxe7+ Rxe7 28.Nf3 Ng6 29.Be3 c3
30.bxc3 Nxc3 31.Rd2 Rec7 32.Rb2 Ne7 33.Ne1 Nb5 34.Nd3 Nd5 35.Nc5 Nxe3 36.fxe3 Rxc5
37.dxc5 Rxc5 38.Rd2 Rxe5 39.Kf2 Rc5 40.Rd8+ Kf7 41.Rd7+ Kf6 42.Rxb7 Nd6 43.Rb6 Rc2+
44.Kf3 Nf5 45.Rxa6 Ke5 46.g3 h5 47.Ra3 Rc4 48.g4 Nh4+ 49.Ke2 hxg4 50.hxg4 Rxg4
51.Rb6 Rg2+ 52.Kd3 Nf3 53.Rb5+ Kf6 54.a6 Rd2+ 55.Ke4 g4 56.a7 e5 57.Ra6+ Kf7
58.Rb7+  1-0

[Event "FRA-ch Acc"]
[Site "Montpellier"]
[Date "1991.??.??"]
[Round "1"]
[White "Geffroy, Laurent"]
[Black "Wagner, Claude"]
[Result "0-1"]
[WhiteElo "2140"]
[BlackElo "2280"]

1.d4 d5 2.c4 c6 3.Nf3 Nf6 4.Nc3 dxc4 5.a4 Bf5 6.e3 e6 7.Bxc4 Bb4 8.O-O O-O
9.Nh4 Bg4 10.f3 Bh5 11.g4 Bg6 12.e4 Nbd7 13.Nxg6 hxg6 14.g5 Ne8 15.Be3 Nd6
16.Bb3 Qe7 17.Qe2 Rac8 18.Kh1 c5 19.Na2 cxd4 20.Bxd4 Bc5 21.Rad1 Qxg5 22.Qf2 Qe7
23.Nc3 Rfd8 24.Ba2 Bxd4 25.Rxd4 Nb8 26.Rfd1 Nc6 27.R4d2 Ne8 28.Nb5 Rxd2 29.Rxd2 a6
30.Nc3 Nf6 31.f4 Qb4 32.Qe2 Re8 33.Qf3 e5 34.f5 g5 35.Qg2 Nd4 36.Rf2 g4 37.Nd5 Nxd5
38.Bxd5 Qe1+ 39.Rf1 Qe2 40.Qxe2 Nxe2 41.Rf2 Nf4 42.Bxb7 a5 43.Rd2 Re7 44.Rd8+ Kh7
45.Bc6 Kh6 46.Kg1 Rc7 47.Rd6+ Kg5 48.Kf2 Kh4 49.Kg1 f6 50.b3 Rc8 51.Kf2 Kh3
52.Kg1 Ne2+  0-1

[Event "Moscow2"]
[Site "Moscow"]
[Date "1991.??.??"]
[Round "?"]
[White "Iashvili, Akaki"]
[Black "Marszalek, Rafal"]
[Result "1-0"]
[WhiteElo "2390"]
[BlackElo "2275"]

1.d4 d5 2.c4 c6 3.Nf3 Nf6 4.Nc3 dxc4 5.a4 Bf5 6.e3 e6 7.Bxc4 Bb4 8.O-O Nbd7
9.Nh4 Bg6 10.f3 Qa5 11.Qb3 O-O-O 12.Bd2 Kb8 13.e4 Ka8 14.Be3 Nb6 15.Be2 Nfd7
16.g3 Rc8 17.Rfd1 c5 18.Na2 Nb8 19.Bb5 Na6 20.Nxb4 Qxb4 21.Qxb4 cxb4 22.Rdc1 Rxc1+
23.Rxc1 Rc8 24.a5 Rxc1+ 25.Bxc1 Nc8 26.Bd2 Nd6 27.Bxa6 bxa6 28.Bxb4 Nc4 29.Nxg6 hxg6
30.Bc3 Kb7 31.Kf2 Kc6 32.Ke2 f6 33.f4  1-0

[Event "New York op"]
[Site "New York"]
[Date "1991.??.??"]
[Round "5"]
[White "Fedorowicz, John P"]
[Black "Silman, Jeremy D"]
[Result "1/2-1/2"]
[WhiteElo "2555"]
[BlackElo "2380"]

1.d4 d5 2.c4 c6 3.Nc3 Nf6 4.Nf3 dxc4 5.a4 Bf5 6.e3 e6 7.Bxc4 Bb4 8.O-O Nbd7
9.Qe2 Bg6 10.e4 Bxc3 11.bxc3 Nxe4 12.Ba3 Qc7 13.Qb2 c5 14.dxc5 a6 15.c6 Qxc6
16.Qb4 Nec5 17.Nd4 Qxa4 18.Bb2 Qxb4 19.cxb4 Nd3 20.Bxd3 Bxd3 21.Rfd1 Bc4
22.Rac1 b5 23.Nc2 Nf6 24.Ne3 Rc8 25.Rd6 Ke7 26.Rxa6 Rhd8 27.Ra7+ Rd7 28.Rxd7+ Kxd7
29.Rd1+ Ke8 30.Bd4 Rd8 31.Bxf6 Rxd1+ 32.Nxd1 gxf6 33.f4 f5 34.Kf2 f6 35.Ke3 e5
36.g3 Kf7 37.Kf2 Bd5 38.Ne3 Be4 39.h3  1/2-1/2

[Event "Nimes op"]
[Site "Nimes"]
[Date "1991.??.??"]
[Round "2"]
[White "Dautov, Rustem"]
[Black "Cuijpers, Frans Andre"]
[Result "1-0"]
[WhiteElo "2570"]
[BlackElo "2415"]

1.d4 d5 2.c4 c6 3.Nf3 Nf6 4.Nc3 dxc4 5.a4 Bf5 6.e3 e6 7.Bxc4 Bb4 8.O-O Nbd7
9.Qe2 O-O 10.e4 Bg6 11.Bd3 Bh5 12.e5 Nd5 13.Nxd5 cxd5 14.Qe3 Be7 15.Ng5 Bxg5
16.Qxg5 Bg6 17.Bxg6 fxg6 18.Qg4 Qe7 19.b3 Qf7 20.Ba3 Rfe8 21.Rac1 Rac8 22.Bd6 Nb8
23.Qe2 Nc6 24.Qd2 Ne7 25.Bc5 a6 26.Rc3 Nf5 27.Rfc1 Rc6 28.Ba3 Rec8 29.Rxc6 Rxc6
30.Rxc6 bxc6 31.Qa5 h6 32.Bc5 g5 33.Qxa6 Qh5 34.Qd3 Nh4 35.h3 g4 36.Qd1 Nf3+
37.gxf3 gxh3 38.Kh2 g5 39.a5 Qh4 40.Qg1 Qf4+ 41.Qg3  1-0

[Event "NOR-ch"]
[Site "NOR"]
[Date "1991.??.??"]
[Round "2"]
[White "Djurhuus, Rune"]
[Black "Gausel, Einar"]
[Result "1/2-1/2"]
[WhiteElo "2410"]
[BlackElo "2435"]

1.d4 Nf6 2.c4 c6 3.Nc3 d5 4.Nf3 dxc4 5.a4 Bf5 6.e3 e6 7.Bxc4 Bb4 8.O-O O-O
9.Nh4 Nbd7 10.f3 Bg6 11.e4 Qa5 12.Qb3 Nb6 13.Be2 c5 14.Na2 Bd2 15.Bxd2 Qxd2
16.dxc5 Qd4+ 17.Kh1 Nxa4 18.Qxb7 Nxc5 19.Qb4 Qxb4 20.Nxb4 Rfb8 21.Nd3 Nxd3
22.Bxd3 Rxb2 23.Rfc1 Kf8 24.Ba6 Rd8 25.Kg1 Bh5 26.g4 g5 27.Ng2 Bg6 28.h4 Nxe4
29.h5 Nd2 30.hxg6 Nxf3+ 31.Kh1 hxg6 32.Rf1 Ne5 33.Ne3 Rdd2 34.Kg1 Nxg4 35.Nxg4 Rg2+
36.Kh1 Rxg4 37.Bc8 Rgg2 38.Bb7 Rh2+ 39.Kg1 Ra2 40.Rac1 Rhc2 41.Rxc2 Rxc2
42.Be4 Rc5 43.Bxg6 f5 44.Ra1 a5 45.Kf2 Ke7 46.Ke3 g4 47.Ra4 Kf6 48.Be8 e5
49.Bd7 Kg5 50.Ra1 Rc3+ 51.Kf2 Rc7 52.Be8 Rc5 53.Ke3 g3 54.Kf3 f4 55.Ra3 Kf6
56.Bd7 Rc2 57.Bh3 Rh2 58.Bg2 Rh5 59.Ke4 Rh2 60.Kf3 Rh8 61.Rxa5 Rb8 62.Kg4 Rb2
63.Ra6+ Ke7 64.Bf3 Rf2 65.Ra1 Kd6 66.Rd1+ Kc7 67.Rc1+ Kb6 68.Re1 Kc7 69.Rxe5 g2
70.Bxg2 Rxg2+ 71.Kxf4  1/2-1/2

[Event "NOR-ch"]
[Site "NOR"]
[Date "1991.??.??"]
[Round "5"]
[White "Tisdall, Jonathan D"]
[Black "Gausel, Einar"]
[Result "1/2-1/2"]
[WhiteElo "2435"]
[BlackElo "2435"]

1.d4 d5 2.c4 c6 3.Nf3 Nf6 4.Nc3 dxc4 5.a4 Bf5 6.e3 e6 7.Bxc4 Bb4 8.O-O O-O
9.Qe2 Bg6 10.Ne5 Nbd7 11.Nxg6 hxg6 12.Rd1 Qa5 13.Bd2 Rad8 14.Be1 c5 15.Bb3 cxd4
16.exd4 Nb6 17.Qb5 a6 18.Qxa5 Bxa5 19.Rac1 Rd7 20.f3 Rfd8 21.Bf2 Nbd5 22.Ne4 Nxe4
23.fxe4 Nf6 24.d5 Nxe4 25.dxe6 Rxd1+ 26.Rxd1 Rxd1+ 27.Bxd1 fxe6 28.Bf3 Nxf2  1/2-1/2

[Event "URS Army-ch"]
[Site "Odessa"]
[Date "1991.??.??"]
[Round "?"]
[White "Karasev, Vladimir I"]
[Black "Savchenko, Stanislav"]
[Result "1/2-1/2"]
[WhiteElo "2365"]
[BlackElo "2475"]

1.d4 Nf6 2.c4 c6 3.Nf3 d5 4.Nc3 dxc4 5.a4 Bf5 6.e3 e6 7.Bxc4 Bb4 8.O-O Nbd7
9.Qe2 Bg6 10.Bd2 O-O 11.Ne4 Bxd2 12.Nexd2 Qe7 13.Bd3 Bh5 14.Qd1 e5 15.Be2 e4
16.Nh4 Bxe2 17.Qxe2 Qe6 18.f4 exf3 19.gxf3 c5 20.dxc5 Nxc5 21.b4 Qh3 22.bxc5 Qxh4
23.Rfb1 Rab8 24.Kh1 Qg5 25.Rb5 a6 26.Rg1 Qh5 27.Rb6 Nd7 28.Ne4 f5 29.Rd6 fxe4
30.Rxd7 Rf7 31.Rxf7 Qxf7 32.fxe4 Re8 33.Rf1 Qb3 34.Qd1 Qxd1 35.Rxd1 Rxe4
36.Rd7 Rxa4 37.Rxb7 Rc4 38.Ra7 Rxc5 39.Rxa6  1/2-1/2

[Event "URS Army-ch"]
[Site "Odessa"]
[Date "1991.??.??"]
[Round "?"]
[White "Legky, Nikolay A"]
[Black "Nenashev, Alexander"]
[Result "0-1"]
[WhiteElo "2400"]
[BlackElo "2415"]

1.d4 d5 2.c4 c6 3.Nf3 Nf6 4.Nc3 dxc4 5.a4 Bf5 6.Nh4 Bc8 7.e3 e5 8.Bxc4 exd4
9.exd4 Be7 10.O-O O-O 11.Re1 Na6 12.Bg5 Nc7 13.Qb3 Rb8 14.Rad1 Bg4 15.f3 Bd7
16.f4 b5 17.axb5 cxb5 18.Bf1 Be6 19.Qc2 h6 20.Bxf6 Bxf6 21.Nf5 b4 22.Na4 Qd7
23.Ne3 b3 24.Qc3 Qxa4 25.Qxc7 Rfc8 26.Qd6 Rd8 27.Qa6 Qxa6 28.Bxa6 Bxd4 29.Kf1 Bxb2
30.Rxd8+ Rxd8 31.f5 Bc8 32.Bxc8 Rxc8 33.Nd5 Ba3 34.Rb1 b2  0-1

[Event "Oslo Cup"]
[Site "Oslo"]
[Date "1991.??.??"]
[Round "3"]
[White "Ostenstad, Berge"]
[Black "Gausel, Einar"]
[Result "1/2-1/2"]
[WhiteElo "2500"]
[BlackElo "2425"]

1.d4 d5 2.c4 c6 3.Nf3 Nf6 4.Nc3 dxc4 5.a4 Bf5 6.e3 e6 7.Bxc4 Bb4 8.O-O O-O
9.Nh4 Bg6 10.Nxg6 hxg6 11.Qc2 Nbd7 12.Rd1 Qc7 13.Bd2 Rad8 14.a5 a6 15.g3 Rc8
16.Qa4 c5 17.Bf1 Rfd8 18.Bg2 Qb8 19.Be1 b5 20.axb6 Nxb6 21.Qxa6 cxd4 22.Rxd4 Rxd4
23.exd4 Rd8 24.Qb5 Nbd5 25.Qxb8 Rxb8 26.Kf1 Kf8 27.Ra2 Nb6 28.Ke2 Rd8 29.Nb5 Bxe1
30.Kxe1 Rb8 31.Nc3 Nc4 32.Bf1 Nd6 33.Bg2 Nc4 34.Nd1 Rb4 35.Ra8+ Ke7 36.Ra7+ Kf8
37.Ra8+ Ke7 38.Ra7+ Kf8 39.Rb7 Rxb7 40.Bxb7 Nd6 41.Bg2 Nb5 42.Kd2 Nxd4 43.Kd3 Nf5
44.h3 Ke7 45.Nc3 Nd6 46.Kd4 Kd7 47.Kc5 Kc7 48.Bc6 g5 49.b4 g4 50.h4 Nb7+
51.Bxb7 Nd7+ 52.Kd4 Kxb7 53.Ne4 Kc6 54.Nc5 Nxc5 55.bxc5 f6 56.h5 Kb5 57.Ke4 Kxc5
58.Kf4 Kd6  1/2-1/2

[Event "Oslo Cup"]
[Site "Oslo"]
[Date "1991.??.??"]
[Round "7"]
[White "Tisdall, Jonathan D"]
[Black "Gausel, Einar"]
[Result "1/2-1/2"]
[WhiteElo "2435"]
[BlackElo "2425"]

1.d4 d5 2.c4 c6 3.Nf3 Nf6 4.Nc3 dxc4 5.a4 Bf5 6.e3 e6 7.Bxc4 Bb4 8.O-O O-O
9.Ne5 Nbd7 10.Qe2 Bg6 11.Nxg6 hxg6 12.Bb3 Qa5 13.Qc2 Rac8 14.Na2 Bd6 15.g3 Qh5
16.Kg2 c5 17.Qd1 cxd4 18.exd4 Nb6 19.Qxh5 gxh5 20.Nc3 Bb4 21.a5 Nbd5 22.Nxd5 Nxd5
23.a6 b6 24.Bxd5 exd5 25.Bf4 b5 26.Rfc1 f6 27.h4 Kf7 28.Kf3 Ke6 29.Ke2 Kd7
30.Bd2 Rfe8+ 31.Kd3 Bxd2 32.Rxc8 Rxc8 33.Kxd2 Rc4 34.Kd3 Rb4 35.Kc3  1/2-1/2

[Event "Paris-ch"]
[Site "Paris"]
[Date "1991.??.??"]
[Round "3"]
[White "Bouchaud, Vincent"]
[Black "Trinh, Rene"]
[Result "1/2-1/2"]
[WhiteElo "2100"]
[BlackElo "2230"]

1.d4 d5 2.c4 c6 3.Nf3 Nf6 4.Nc3 dxc4 5.a4 Bf5 6.Ne5 e6 7.f3 c5 8.e4 cxd4
9.exf5 Bb4 10.Bxc4 dxc3 11.Qxd8+ Kxd8 12.O-O Ke7 13.bxc3 Bc5+ 14.Kh1 Nbd7
15.Nxd7 Nxd7 16.fxe6 fxe6 17.Re1 Nf8 18.Bg5+ Kf7 19.Rad1 Be7 20.Bxe7 Kxe7
21.f4 h5 22.f5 Rh6 23.Bd5 Rd8 24.fxe6 b6 25.c4 Nxe6 26.Re3 Rf6 27.Rde1 Rxd5
28.g3 Kd7 29.Kg2 g6 30.Re5 Nc7 31.R1e2  1/2-1/2

[Event "Paris-ch"]
[Site "Paris"]
[Date "1991.??.??"]
[Round "5"]
[White "Khenkin, Igor"]
[Black "Thorsteins, Karl"]
[Result "1-0"]
[WhiteElo "2460"]
[BlackElo "2480"]

1.d4 d5 2.Nf3 Nf6 3.c4 c6 4.Nc3 dxc4 5.a4 Bf5 6.Nh4 e6 7.Nxf5 exf5 8.Bg5 Nbd7
9.e3 Bd6 10.Bxc4 O-O 11.O-O Qc7 12.h3 Rae8 13.Qc2 Ne4 14.Nxe4 fxe4 15.f3 h6
16.Bxh6 gxh6 17.fxe4 Nb6 18.Ba2 Qe7 19.e5 Bxe5 20.dxe5 Kg7 21.Qb3 Qe6 22.Qxe6 fxe6
23.Rxf8 Kxf8 24.Rf1+ Kg7 25.Rd1 a5 26.Kf2 Re7 27.Rd4 Kf7 28.Rf4+ Kg7 29.Rd4 Kf7
30.Bb1 Nd7 31.Rh4 Kg7 32.Rg4+ Kf8 33.Rg6 Nc5 34.Bc2 Rd7 35.Ke2 Rg7 36.Rf6+ Ke7
37.g4 h5 38.gxh5 Rg2+ 39.Rf2 Rxf2+ 40.Kxf2 Nd7 41.h6 Kf7 42.Kf3 Nxe5+ 43.Ke4 Nd7
44.Kd4 Kf6 45.Kc4 Kf7 46.b3 Kf6 47.Be4 Kf7 48.Bc2 Kf6 49.Bd1 b6 50.Bg4 Ne5+
51.Kd4 c5+ 52.Ke4 Nf7 53.h7 Ng5+ 54.Kd3 Nxh7 55.Kc4 Ke5 56.Kb5 Nf6 57.Kxb6 Nd5+
58.Kxa5 Nxe3 59.Kb5  1-0

[Event "Paris-ch"]
[Site "Paris"]
[Date "1991.??.??"]
[Round "5"]
[White "Fayard, Alain"]
[Black "Bartha, Sandor"]
[Result "0-1"]
[WhiteElo "2300"]
[BlackElo "2305"]

1.d4 d5 2.c4 c6 3.Nf3 Nf6 4.Nc3 dxc4 5.a4 Bf5 6.Ne5 Nbd7 7.Nxc4 e6 8.g3 Nb6
9.Ne5 Bd6 10.Bf4 Nbd5 11.Bg2 Nxf4 12.gxf4 Nd5 13.e3 Qh4 14.O-O f6 15.Nc4 Bc7
16.Qf3 Bd3 17.Nd2 Bxf1 18.Nxf1 O-O 19.f5 Nxc3 20.bxc3 exf5 21.Rb1 Rf7 22.Qxf5 g6
23.Qe6 Kf8 24.Rb4 a5 25.Rb2 Re8 26.Qc4 f5 27.f4 Bd6 28.d5 c5 29.Rb6 Qe7 30.Qd3 h6
31.c4 g5 32.Ng3 Qc7 33.Qb1 gxf4 34.Nxf5 fxe3 35.Nxd6 e2 36.Nxe8 Qxb6 37.Qa1 Qg6
38.Qh8+ Ke7 39.Qe5+ Kd7 40.Qc7+ Kxe8 41.Qc8+ Ke7 42.Qxc5+ Qd6 43.Qe3+ Kd8
44.Qxe2 Qb6+  0-1

[Event "Paris-ch"]
[Site "Paris"]
[Date "1991.??.??"]
[Round "5"]
[White "Lempereur, Frederic"]
[Black "Trinh, Rene"]
[Result "1/2-1/2"]
[WhiteElo "2200"]
[BlackElo "2230"]

1.d4 d5 2.c4 c6 3.Nf3 Nf6 4.Nc3 dxc4 5.a4 Bf5 6.e3 e6 7.Bxc4 Bb4 8.O-O O-O
9.Qe2 Ne4 10.Na2 Ba5 11.Nd2 Nxd2 12.Bxd2 Bc7 13.Nc3 Nd7 14.e4 Bg6 15.Rad1 Nb6
16.Ba2 Qh4 17.g3 Qh3 18.Be3 Kh8 19.f3 Rae8 20.Qg2 Qxg2+ 21.Kxg2 f5 22.Bb3 Bf7
23.Rc1 a6 24.g4 f4 25.Bf2 Rd8 26.Ne2 g5 27.h4 h6 28.Rh1 Kg7 29.Be1 Nd7 30.Bb4 Rfe8
31.Rh3 a5 32.Bc3 Nf6 33.Be1 Bb6 34.Bc3 Bg6 35.Bc4 Nd5 36.Ba2 Ne3+ 37.Kf2 e5
38.hxg5 hxg5 39.dxe5 Nd1+ 40.Ke1 Nxc3 41.Rxc3 Rxe5 42.Rb3 Bc5 43.Rxb7+ Re7
44.Rxe7+ Bxe7 45.Nc3 Bb4 46.Bb1 Rb8 47.Kd2 Rd8+ 48.Ke1 Bf7 49.Bc2 Bg6 50.Rh2  1/2-1/2

[Event "Paris-ch"]
[Site "Paris"]
[Date "1991.??.??"]
[Round "9"]
[White "Bernard, Christophe"]
[Black "Trinh, Rene"]
[Result "1-0"]
[WhiteElo "2310"]
[BlackElo "2230"]

1.d4 d5 2.c4 c6 3.Nf3 Nf6 4.Nc3 dxc4 5.a4 Bf5 6.e3 e6 7.Bxc4 Bb4 8.O-O O-O
9.Nh4 Bg6 10.f3 c5 11.Nxg6 hxg6 12.Na2 Nc6 13.Nxb4 cxb4 14.Bd2 a5 15.Be1 Qb6
16.Bf2 Rfd8 17.Qb3 Qc7 18.Rfd1 Ne7 19.Rac1 Qd7 20.e4 Rdc8 21.Rc2 Ne8 22.Bb5 Qd8
23.Rxc8 Rxc8 24.g4 Nd6 25.Bf1 g5 26.Bd3 Qd7 27.Be3 b5 28.axb5 Nxb5 29.Qa4 Rb8
30.Rc1 Qb7 31.Bxb5 Qxb5 32.Qxb5 Rxb5 33.Rc7 Ng6 34.Ra7 f5 35.gxf5 exf5 36.Kf2 f4
37.Bd2 Nf8 38.Ke2 Ng6 39.Be1 Nh4 40.Bxh4 gxh4 41.e5 Rb6 42.Rxa5 Rg6 43.d5 Rg2+
44.Kd3 Rxh2 45.e6 Rxb2 46.Ra8+ Kh7 47.e7  1-0

[Event "Porz op26"]
[Site "Porz"]
[Date "1991.??.??"]
[Round "7"]
[White "Dautov, Rustem"]
[Black "Stoinev, Metodi"]
[Result "1-0"]
[WhiteElo "2595"]
[BlackElo "2330"]

1.d4 d5 2.c4 c6 3.Nf3 Nf6 4.Nc3 dxc4 5.a4 Bf5 6.e3 e6 7.Bxc4 Bb4 8.O-O Nbd7
9.Qe2 Bg6 10.e4 Bxc3 11.bxc3 Nxe4 12.Ba3 Qc7 13.Nd2 Ndf6 14.Nxe4 Nxe4 15.Qe3 O-O-O
16.Be2 Rhe8 17.a5 Kb8 18.f3 Nd6 19.Bc5 Nc8 20.f4 f6 21.Qf2 Be4 22.Qe3 Bg6
23.Ra2 e5 24.dxe5 fxe5 25.f5 Bf7 26.Ra4 Rd7 27.Rb1 Ka8 28.c4 e4 29.Bd4 c5
30.Bxc5 Qe5 31.Rf1 g5 32.Bb4 h6 33.a6 b6 34.c5 Qd4 35.Qxd4 Rxd4 36.Bb5 Red8
37.Bc3 bxc5 38.Bxd4 cxd4 39.Bc6+ Kb8 40.Bxe4 Nb6 41.Rb4 Bc4 42.Ra1 Rd6 43.Kf2 d3
44.Ke3 Kc7 45.Rc1 d2 46.Rd1 Bxa6 47.Rxd2 Rxd2 48.Kxd2 Bc4 49.Ke3 Bf7 50.Kd4 a5
51.Rb5 a4 52.Ra5 Bb3 53.f6 Nd7 54.Ra6 Nf8 55.Bd5  1-0

[Event "Porz op26"]
[Site "Porz"]
[Date "1991.??.??"]
[Round "7"]
[White "Lagunow, Alexander"]
[Black "Bode, Wilfried"]
[Result "0-1"]
[WhiteElo "2445"]
[BlackElo "2320"]

1.Nf3 d5 2.d4 Nf6 3.c4 c6 4.Nc3 dxc4 5.a4 Bf5 6.Ne5 Nbd7 7.Nxc4 Nb6 8.Ne5 a5
9.f3 Nfd7 10.Nd3 Bxd3 11.Qxd3 e5 12.dxe5 Nxe5 13.Qe4 Qe7 14.Bf4 Ng6 15.Bd6 Qxe4
16.Nxe4 O-O-O 17.Bxf8 Rhxf8 18.g3 Rd4 19.b3 Rb4 20.Bh3+ Kc7 21.Ra3 Nc4 22.Ra1 Rxb3
23.Kf2 Rb4 24.Rhd1 Nb6 25.Nc5 Re8 26.f4 Nf8 27.Rab1 Rc4 28.Nd3 f6 29.Rb3 Nxa4
30.Bg2 Nd7 31.Ra3 b5 32.Bf3 Ndc5 33.Nxc5 Rxc5 34.Rad3 Nb6 35.e4 Rc2+ 36.Kg1 a4
37.Rb1 Nc4 38.Bg4 Rd2  0-1

[Event "Bohemians"]
[Site "Prague"]
[Date "1991.??.??"]
[Round "3"]
[White "Vokac, Marek"]
[Black "Trichkov, Vasil"]
[Result "1/2-1/2"]
[WhiteElo "2455"]
[BlackElo "2290"]

1.d4 d5 2.c4 c6 3.Nf3 Nf6 4.Nc3 dxc4 5.a4 Bf5 6.Ne5 Nbd7 7.Nxc4 Qc7 8.g3 e5
9.dxe5 Nxe5 10.Bf4 Rd8 11.Qc1 Bd6 12.Nxd6+ Qxd6 13.Bg2 Ke7 14.O-O a5 15.h3  1/2-1/2

[Event "Puebla Cazalla op"]
[Site "Puebla Cazalla"]
[Date "1991.??.??"]
[Round "?"]
[White "Veingold, Aleksandr"]
[Black "Campora, Daniel H"]
[Result "1/2-1/2"]
[WhiteElo "2465"]
[BlackElo "2515"]

1.d4 d5 2.Nf3 Nf6 3.c4 c6 4.Nc3 dxc4 5.a4 Bf5 6.e3 e6 7.Bxc4 Bb4 8.O-O O-O
9.Nh4 Nbd7 10.Nxf5 exf5 11.Qf3 g6 12.Rd1  1/2-1/2

[Event "JUG-Cup final"]
[Site "Pula"]
[Date "1991.??.??"]
[Round "5"]
[White "Cvitan, Ognjen"]
[Black "Lalic, Bogdan"]
[Result "1/2-1/2"]
[WhiteElo "2535"]
[BlackElo "2520"]

1.d4 d5 2.c4 c6 3.Nc3 Nf6 4.Nf3 dxc4 5.a4 Bf5 6.e3 e6 7.Bxc4 Bb4 8.O-O Nbd7
9.Qb3 a5 10.Nh4 Bg6 11.g3 Qb6 12.Na2 Bd6 13.Nxg6 Qxb3 14.Bxb3 hxg6 15.Kg2 Ke7
16.Bd2 Rhd8 17.Rad1 e5 18.Nc3 exd4 19.exd4 Kf8 20.f3 Nb6 21.Ne4 Be7 22.Bc1 Nbd5
23.h4 Re8 24.Ng5 Bb4 25.Kh3 Re7 26.f4 Rae8 27.f5 gxf5 28.Rxf5 Re1 29.Rf1 Rxd1
30.Rxd1 Re7 31.Rf1 g6 32.Nf3 Kg7 33.Ne5 Nd7 34.Nxd7 Rxd7 35.g4 Nf6 36.h5 gxh5
37.gxh5 Nxh5 38.Kg4 Nf6+ 39.Kf5 Ng8 40.Bf4 Ne7+ 41.Ke4 Nd5 42.Rg1+ Kf8 43.Bh6+ Ke7
44.Bg5+ f6 45.Bh4 Kf7 46.Kf5 Ke8 47.Rg8+ Bf8 48.Bxf6 Ne7+ 49.Bxe7 Kxe7 50.Ke5 Rd8
51.Be6 Re8 52.b3 Kd8 53.Kf5 Bb4 54.Rg7 Re7 55.Rg6 Kc7  1/2-1/2